00394 2200169 4500001002100000005001500021035002000036245004100056100002200097250000600119856001200125260003900137082000800176084001400184990001300198990001300211INLIS00000000000159720250422094757 a0010-04250000131 aKau Tak Sendiri /cDra. Hanum Safnas0 aDra. Hanum Safnas a1 aRak 800 aJakarta :bPT. Dian Ariesta,c2002 a813 a813 DRA k a03.20125 a03.20126